000 01882nam a2200361 i 4500
001 000026090
003 DO-SdBNP
005 20260526131943.0
007 ta
008 110301s1994 dr 000 0 spa d
040 _aDO-SdBNP
_bspa
_cBNPHU
_erda
041 _aspa
082 4 _a972.93
_bA385v
_222
100 1 _aAlfau Durán, Vetilio,
_d1909-1985
_eautor
_4aut.
_910091
245 1 0 _aVetilio Alfau Durán en el Listín Diario /
_ccompiladores, Arístides Incháustegui, Blanca Delgado Malagón.
264 1 _aSanto Domingo :
_bCorripio,
_c1994.
300 _a2 volumen ;
_a23 cm.
336 _atexto
_btxt
_2rdacontent
337 _asin mediación
_bn
_2rdamedia
338 _avolumen
_bnc
_2rdacarrier
490 0 _aSesquicentenario de la Independencia Nacional
_v8
500 _aIncluye referencias bibliográficas y notas al pie de las páginas.
505 0 _aPalabras /
_rJorge Tena Reyes --
_gv. 1--
_rEscritos--
_tNotas biográficas --
_tHigüey --
_tNoticias históricas --
_gv.2--
_tEscritos--
_tOtras notas históricas --
_tDerecho constitucional --
_tControversias --
_tRectificaciones y aclaraciones
_tDiscursos --
_tIglesia y sociedad --
_tEducación --
_tBibliográficas --
_tJuvenilia --
_tComentarios acerca de Vetilio Alfau Durán publicados en el Listín Diario --
_gÍndice onomástico --
_gApéndice:
_tRelación cronológica de escritos y anotaciones de Vetilio alfau Durán en el Listín diario.
590 _aInventariado, 2020/VM
650 4 _aDiarios dominicanos
_xSecciones, columnas, etc.
_944
650 4 _aEnsayos dominicanos
_965
651 4 _aRepública Dominicana
_xHistoria
_9170
700 1 _aIncháustegui Cabral, Héctor,
_d1912-1979
_ecompilador
_4comp.
_921024
700 1 _aDelgado Malagón, Blanca,
_ecompilador
_4comp.
_922928
710 2 _aListín Diario (República Dominicana)
_953034
910 _aValidado. Control de calidad EMS
942 _2ddc
_cLBS1
999 _c25582
_d25582